1486 1701 1513 1345 1761 1864 1812 1747 1747 1720 1477 1762 1090 1331 1216 1405 1966 1170 1393 1135 1494 1243 1968 1381 1417 1392 1037 1312 1211 1102 1102 1129 1614 1546 1816 1161 1681 1616 1395 1363 1099 1706 1909 1265 1661 1546 1876 1831 1977 1496 1059 1102 1062 1389 1717 1269 1507 1953 1994 1534 1586 1418 1757 1951 1627 1525 1104 1427 1346 1624 1569 1878 1869 1491 1049 1517 1105 1096 1184 1594 1493 1497 1746 1764 1740 1154 1281 1384 1864 1012 1900 1548 1465 1866 1691 1459 1579 1780 1880 BCNSPRNW ULIB Ver.6.0+V

เปลี่ยนเป็นภาษาไทย

Change to English
 แสดงรายละเอียดบรรณานุกรม
  กลับหน้าหลัก

Brief Record : Get Marc (ISO 2709) : E-mail record : QR code < ปิดหน้าต่าง
LEADER : 00000nam 2200000uu 4500
001    13399114132
003     ULIB
008    120222s||||||||th 000 0 tha d
020    ^a9749261356
024    ^a9789749261354
060 04 ^aQV55^bป446ค
100 0  ^aปราณี ทู้ไพเราะ
245 10 ^aคู่มือยา =^bHandbook of drugs /^cปราณี ทู้ไพเราะ
246 31 ^aHandbook of drugs
250    ^aพิมพ์ครั้งที่ 12 ปรับปรุงครั้งที่ 7
260    ^aกรุงเทพฯ :^bภาควิชาการพยาบาลอายุรศาสตร์ คณะพยาบาลศาสตร์มหาวิทยาลัยมหิดล,^c2554
300    ^a630 หน้า ;^c21 ซม.
504    ^aมีบรรณานุกรมและดรรชนี
650  7 ^aเภสัชวิทยา
650  7 ^aยา^xคู่มือ
710 2  ^aมหาวิทยาลัยมหิดล. ^bคณะพยาบาลศาสตร์.^bภาควิชาการพยาบาลอายุรศาสตร์
945    ^p350^l0^i031026
945    ^p350^l0^i031027
945    ^p350^l0^i031028
995    ^a เกษร
999    ^aใช้งานได้ทุกระบบ
รายการนี้ยังไม่มีแท็ก
คุณยังไม่ได้ล็อกอิน คุณสามารถมีกิจกรรมร่วมกับเว็บไซต์ได้ แต่ต้องล็อกอินก่อน ::
  ล็อกอิน

รายการสื่อสารสนเทศ

ลำดับที่ ประเภท เลขเรียก/บาร์โค้ด สถานที่ สถานะ
1. วิทยาศาสตร์การแพทย์ และสุขภาพ
หนังสือสำรอง
สถานะ=หนังสือสำรอง
QV55 ป446ค ฉ.1 
  Barcode: 031026
ห้องสมุดวิทยาเขตสวรรค์ประชารักษ์
►ส่วนจัดเก็บหนังสือเก่า สปร
บนชั้น
  ขอยืม
2. วิทยาศาสตร์การแพทย์ และสุขภาพ
วิทยาศาสตร์การแพทย์ และสุขภาพ
QV55 ป446ค ฉ.2 
  Barcode: 031027
ห้องสมุดวิทยาเขตสวรรค์ประชารักษ์
►ส่วนจัดเก็บหนังสือเก่า สปร
บนชั้น
  ขอยืม

รายการใกล้เคียง
    ผู้แต่ง [ปราณี ทู้ไพเราะ]

    หัวเรื่อง [เภสัชวิทยา]

BibComment


ยังไม่เคยถูกคอมเมนท์

คอมเมนท์ทรัพยากรรายการนี้
  คอมเมนท์: คู่มือยา Handbo..


 Copyright 2026. Bcnsprnw @Library